| 000 | 00817nam a22002657a 4500 | ||
|---|---|---|---|
| 003 | CHAP | ||
| 005 | 20220329140402.0 | ||
| 008 | 971013s r 00010 d | ||
| 010 | _a51232 | ||
| 011 | _a52204 | ||
| 035 | _a56354 | ||
| 040 | _cCHAP | ||
| 090 | _aR-1326 | ||
| 100 | 0 | 0 |
_aRoe, Keith E. _999022 |
| 245 | _aJuvenile forms in Solanum mitlense and S. blodgetii (Solanaceae and their importance in taxonomy | ||
| 500 | _aSobretiro de : Sida 2 (5) : 381-385, 1966 | ||
| 590 |
_aBATCH-UPD _b10 _c20130110 _lUCH01 _h0829 |
||
| 590 |
_aBATCH-UPD _b10 _c20130410 _lUCH01 _h0507 |
||
| 590 |
_aBATCH-UPD _b10 _c20130914 _lUCH01 _h2029 |
||
| 590 |
_aCONVERSION _b10 _c20130109 _lUCH01 _h1328 |
||
| 650 | 1 | 4 |
_aSolanĂ¡ceas. _9108358 |
| 901 | _aBK | ||
| 942 | _cREIMP | ||
| 949 |
_aR-1326 _bBC _cR _d-123144 _eTS1 _i56354 _si |
||
| 999 |
_c51232 _d51232 |
||